Central Library OPAC University of Rajshahi

Nobel prize winners / (Record no. 23612)

MARC details
000 -LEADER
fixed length control field 00760cam a22002651 4500
001 - CONTROL NUMBER
control field 23612
003 - CONTROL NUMBER IDENTIFIER
rucl marc code BD-RjUL
005 - DATE AND TIME OF LATEST TRANSACTION
control field 20211209000942.0
008 - FIXED-LENGTH DATA ELEMENTS--GENERAL INFORMATION
fixed length control field 140311s1957 ctua 000 0 eng d
035 ## - SYSTEM CONTROL NUMBER
System control number (BD-RjUL)23677
System control number (OCoLC)993878
040 ## - CATALOGING SOURCE
Original cataloging agency DLC
Transcribing agency OClW
Modifying agency OCoLC
-- O
-- DLC
-- BD-RjUL
Language of cataloging eng
041 ## - LANGUAGE CODE
Language code of text/sound track or separate title eng
082 00 - DEWEY DECIMAL CLASSIFICATION NUMBER
Classification number 378.32
Author mark and year NOB 1957
100 ## - MAIN ENTRY--PERSONAL NAME
Fuller form of name (Lorenz James),
Dates associated with a name 1910-
9 (RLIN) 72685
245 10 - TITLE STATEMENT
Title Nobel prize winners /
Statement of responsibility, etc. Ed. by Ludovici, L. J.
260 ## - PUBLICATION, DISTRIBUTION, ETC. (IMPRINT)
Place of publication, distribution, etc. London :
Name of publisher, distributor, etc. Arco Publications Lit.,
Date of publication, distribution, etc. 1957
300 ## - PHYSICAL DESCRIPTION
Pagination 226 p. :
Illustrations illus. ;
Size 21 cm.
650 #0 - SUBJECT ADDED ENTRY--TOPICAL TERM
Topical term or geographic name as entry element Nobel Prizes.
9 (RLIN) 10828
Topical term or geographic name as entry element Nobel Prize winners.
9 (RLIN) 28279
700 1# - ADDED ENTRY--PERSONAL NAME
Personal name Ludovici, L. J.
942 ## - ADDED ENTRY ELEMENTS (KOHA)
Source of classification or shelving scheme Dewey Decimal Classification
Koha item type Books
Holdings
Lost status Source of classification or shelving scheme Damaged status Not for loan Collection code Permanent Location Current Location Shelving location Date acquired Source of acquisition Cost, normal purchase price Total Checkouts Full call number Date last seen Copy number Koha item type
  Dewey Decimal Classification   Added to bundle Non-fiction Central Library, University of Rajshahi Central Library, University of Rajshahi Reading Room 18/05/1957 Standard Publication 20.50   378.32 NOB 1957 11/03/2014 C-1 Books